Richtige oder falsche Flagge? #5 - Sudden Death - Statistiken

Allgemein
  • Dieses Quiz wurde 405 mal gespielt
  • Das Durchschnittsergebnis liegt bei 2 aus 20
Answers on the Grid
Answers color-coded by a green-red scale on the quiz's grid according to % correct below.
 
Antwortstatistiken
Antwort % Korrekt
31%
27%
21%
19%
17%
17%
14%
13%
10%
9%
9%
9%
9%
8%
8%
6%
6%
3%
3%
3%
Keine übereinstimmenden Quizze gefunden
Verteilung der Resultate
Anzahl Personen mit jedem Resultat
Perzentil nach korrekt beantworteten Fragen
Ihre Resultats-Entwicklung
Sie haben dieses Quiz noch nicht gespielt